George muller : (Record no. 3188)
[ view plain ]
| 000 -LEADER | |
|---|---|
| fixed length control field | 00962cam a22003013 4500 |
| 001 - CONTROL NUMBER | |
| control field | 209046 |
| 003 - CONTROL NUMBER IDENTIFIER | |
| control field | GBCCL |
| 005 - DATE AND TIME OF LATEST TRANSACTION | |
| control field | 20241126110449.0 |
| 008 - FIXED-LENGTH DATA ELEMENTS--GENERAL INFORMATION | |
| fixed length control field | 080605s1981 ilu 000 0 eng d |
| 020 ## - INTERNATIONAL STANDARD BOOK NUMBER | |
| International Standard Book Number | 1857923405 |
| 020 ## - INTERNATIONAL STANDARD BOOK NUMBER | |
| International Standard Book Number | 9780877883043 |
| 035 ## - SYSTEM CONTROL NUMBER | |
| System control number | (OCoLC)ocn230953238 |
| 035 ## - SYSTEM CONTROL NUMBER | |
| System control number | (OCoLC)230953238 |
| 040 ## - CATALOGING SOURCE | |
| Original cataloging agency | YDXCP |
| Transcribing agency | YDXCP |
| Modifying agency | BAKER |
| -- | CQU |
| -- | Z@L |
| -- | LBB |
| 049 ## - | |
| -- | LBBK |
| 082 04 - DEWEY DECIMAL CLASSIFICATION NUMBER | |
| Classification number | 259.2092 |
| Edition information | 20 |
| Item number | STE |
| 090 ## - LOCALLY ASSIGNED LC-TYPE CALL NUMBER (OCLC); LOCAL CALL NUMBER (RLIN) | |
| Classification number (OCLC) (R) ; Classification number, CALL (RLIN) (NR) | HV1150.B7 |
| Local cutter number (OCLC) ; Book number/undivided call number, CALL (RLIN) | S73 1981 |
| 100 1# - MAIN ENTRY--PERSONAL NAME | |
| Personal name | Steer,Riger. |
| 9 (RLIN) | 6587 |
| 245 00 - TITLE STATEMENT | |
| Title | George muller : |
| Remainder of title | delighted in god!. revised ed. |
| 260 ## - PUBLICATION, DISTRIBUTION, ETC. | |
| Place of publication, distribution, etc. | Great Britain : |
| Name of publisher, distributor, etc. | Christian Pubs, |
| Date of publication, distribution, etc. | 200, 1981 |
| 300 ## - PHYSICAL DESCRIPTION | |
| Extent | p. |
| Dimensions | cm. |
| 520 ## - SUMMARY, ETC. | |
| Summary, etc. | Christian Library of Lancaster Collection. |
| 600 10 - SUBJECT ADDED ENTRY--PERSONAL NAME | |
| Personal name | M�uller, George, |
| Dates associated with a name | 1805-1898. |
| 9 (RLIN) | 6588 |
| 650 #0 - SUBJECT ADDED ENTRY--TOPICAL TERM | |
| Topical term or geographic name entry element | Plymouth Brethren |
| Geographic subdivision | England |
| -- | Bristol |
| Form subdivision | Biography. |
| 9 (RLIN) | 6589 |
| 650 #0 - SUBJECT ADDED ENTRY--TOPICAL TERM | |
| Topical term or geographic name entry element | Social reformers |
| Geographic subdivision | England |
| -- | Bristol |
| Form subdivision | Biography. |
| 9 (RLIN) | 6590 |
| 650 #0 - SUBJECT ADDED ENTRY--TOPICAL TERM | |
| Topical term or geographic name entry element | Orphanages |
| Geographic subdivision | England |
| -- | Bristol |
| General subdivision | History. |
| 9 (RLIN) | 6591 |
| 942 ## - ADDED ENTRY ELEMENTS (KOHA) | |
| Source of classification or shelving scheme | Dewey Decimal Classification |
| Koha item type | Books |
| Koha issues (borrowed), all copies | 1 |
| Withdrawn status | Lost status | Source of classification or shelving scheme | Damaged status | Not for loan | Home library | Current Library | Shelving location | Date acquired | Total checkouts | Full call number | Barcode | Date last seen | Date last checked out | Copy number | Price effective from | Koha item type |
|---|---|---|---|---|---|---|---|---|---|---|---|---|---|---|---|---|
| Dewey Decimal Classification | GRACE BIBLE COLLEGE | GRACE BIBLE COLLEGE | Ministry & Mission | 2017-11-15 | 1 | 259.2092 STE | 001435 | 2025-05-01 | 2021-03-30 | c.1 | 2017-11-15 | Books |